01026nam a22002537a 450000500170000001000130001702000220003003500130005203700160006504000120008108200150009310000260010824501040013426000420023827000540028030000200033450000500035465000830040465000870048770000290057494200240060399900190062795201260064620170124105945.0 aA-790970 c200.00a817054211 aA-790970 bCen Lib/Ret aDPLbEN a305.5bBHU aBhushan, L. I.912227 aCasteism :cby L I Bhushan [and] Renu Bala Sinhaba socio-psychological study of college students / aNew DelhibClassical Publishingc1996 bNew Delhia28, Shopping Centre, Karampurae110015 a142p.c20cm(Hb) aIncludes bibliographical references and index aCaste-based discrimination -- India -- Munger (District) -- Case studie912228 aCollege students -- India -- Munger (District) -- Attitudes -- Case studies912229 a Sinha, Renu Bala912230 2ddccENh305.5mBHU c124874d124874 00104070aLbLd2015-06-18eCen Lib/Retg200.00l0o305.5 BHUpA-790970r2015-06-18 00:00:00t1v200.00w2015-06-18yEN